Inseguridad alimentaria y crisis de la caficultura
Enregistré dans:
| Format: | Texte |
|---|---|
| Sujets: | |
| Tags: |
Ajouter un tag
Pas de tags, Soyez le premier à ajouter un tag!
|
MARC
| LEADER | 00000 a a2200000 04500 | ||
|---|---|---|---|
| 001 | 6648 | ||
| 003 | |||
| 040 | |||
| 245 | |a Inseguridad alimentaria y crisis de la caficultura | ||
| 650 | |a SECTOR AGROPECUARIO | ||
| 650 | |a POLITICA AGRICOLA | ||
| 650 | |a EL SALVADOR | ||
| 773 | |g volumen 23, número 1040; páginas8-9 | ||
| 999 | |c 22450 |d 22450 | ||
